000 00435nam a2200157Ia 4500
999 _c10367
_d10367
003 OSt
008 220308s9999 xx 000 0 und d
020 _a9783836572439
082 _a720.92
_bJOD
100 _a Jodidio, Philip 1954-
245 0 _aZaha Hadid : Zaha Hadid Architects : complete works 1979-today
260 _b ‎ Taschen GmbH; Multilingual edition (24 October 2020)
365 _cGBP
365 _d50
942 _2ddc